| 000 | 01488cam a2200373 4500 | ||
|---|---|---|---|
| 001 | J90016 | ||
| 008 | 090401t1997 xxu||||| |||| 00| 0 eng d | ||
| 035 | _a(Sirsi) u84466 | ||
| 041 | _aeng | ||
| 050 | _a690.0285 | ||
| 100 | _aCrofts, Jon | ||
| 245 | _aImproving cost effectiveness of professional practitioners in the construction industry supply chain through better use of information technology. | ||
| 260 |
_aBirmingham _bUniversity of Central England _c1997 |
||
| 300 | _a101,(22)p. ; 30cm. | ||
| 350 | _a25 | ||
| 520 | _aA report on innovation and good practice in the use of IT in the construction industry, which includes recommendations that the industry should adopt UNICLASS and CITE standards. The project was funded by the Department for Education and Employment under the Technology Foresight programme and carried out by BEEDS at the Faculty of the Built Environment, University of Central England. | ||
| 650 | _aBUSINESS STRATEGIES | ||
| 650 | _aCITE | ||
| 650 | _aCOMMUNICATIONS | ||
| 650 | _aCONSTRUCTION INDUSTRY | ||
| 650 | _aDESIGN PROCESS | ||
| 650 | _aMANAGEMENT-BUSINESS MANAGEMENT-INFORMATION MANAGEMENT | ||
| 650 | _aPROJECT INFORMATION | ||
| 650 | _aSTANDARDS | ||
| 650 | _aTECHNOLOGY FORESIGHT | ||
| 650 | _aUNICLASS | ||
| 690 | _aBUILT ENVIRONMENT | ||
| 700 | _aKelly, Gordon | ||
| 700 | _aWaterhouse, Mike | ||
| 710 |
_aUniversity of Central England _91926 |
||
| 710 |
_aBEEDS _93596 |
||
| 942 | _n0 | ||
| 948 | _c24/02/1998 | ||
| 999 |
_c96948 _d96948 |
||